A Course in Modern Geometries

Αποθηκεύτηκε σε:
Λεπτομέρειες βιβλιογραφικής εγγραφής
Κύριος συγγραφέας: Cederberg, Judith N.
Μορφή: Βιβλίο
Γλώσσα:English
Δημοσίευση: New York : Springer, 1991
Έκδοση:2nd print.
Σειρά:Undergraduate texts in mathematics
Θέματα:
Ετικέτες: Προσθήκη ετικέτας
Δεν υπάρχουν, Καταχωρήστε ετικέτα πρώτοι!

MARC

LEADER 00000nam a2200000 i 4500
001 1/32003
008 940113s1991 eng d
020 |a 0-387-96922-5 
035 |a 1993  |c ΒΙΒΛΙΟΘΗΚΗ  |l 10038982 
040 |a GR-MY-UA  |b gre  |e aacr 
041 0 |a eng 
100 1 |a Cederberg, Judith N. 
245 1 2 |a A Course in Modern Geometries /  |c Jubith N. Cederberg 
250 |a 2nd print. 
260 |a New York :   |b Springer,   |c 1991 
300 |a 232 p. ;  |c 24 cm. 
490 1 |a Undergraduate Text in Mathematics 
650 0 0 |a Geometry. 
830 0 |a Undergraduate texts in mathematics 
852 |a INST  |b SAMOS  |e 19940113  |h 516 CED  |p 005300008102  |q 005300008102  |t BK  |y 0 
909 |a Σ  |b 029512